| 000 | 01443cam a2200265 4500 | ||
|---|---|---|---|
| 001 | ABS68252 | ||
| 008 | 040927n2004 000 0 eng u | ||
| 035 | _a(Sirsi) u127533 | ||
| 100 | _aNorwood, G. | ||
| 245 | _aFrom follower to voice of authority? | ||
| 260 | _c2004 | ||
| 490 |
_aEstates Gazette _v(0438) 18 September 2004, 150-152(3) |
||
| 520 | _aReports on Knight Frank's plans to enter the niche field of residential research currently dominated by FPDSavills, involving market data analysis and the offer of consultancy to public and private sector firms involved in residential development. Knight Frank has overtly identified private client research as a major revenue raising activity and the research team has high level backing from within the parent organisation. Knight Frank is a market leader at the top end of the London market, country homes and the best international residential locations but will be researching more into city living and new markets in UK urban centres. Knight Frank residential research in the past has been accused of invariably playing to the firm's top end clients. This is all about to change. | ||
| 590 | _aABS | ||
| 590 | _aABS | ||
| 650 | _aRESIDENTIAL RESEARCH | ||
| 650 | _aRESIDENTIAL DEVELOPMENT | ||
| 650 | _aCONSULTANCY | ||
| 650 | _aCITY LIVING | ||
| 650 | _aURBAN AREAS | ||
| 650 | _aKNIGHT FRANK | ||
| 650 | _aFPDSAVILLS | ||
| 690 | _aHOUSING-MARKET | ||
| 942 | _n0 | ||
| 999 |
_c118061 _d118061 |
||